Memoria sobre el Tercer Congreso Interancional de Botánica / (Record no. 181160)

MARC details
000 -LEADER
campo de control de longitud fija 01114nam a22002411i 4500
001 - NÚMERO DE CONTROL
campo de control 181160
003 - IDENTIFICADOR DE NÚMERO DE CONTROL
campo de control ES-MaACL
005 - FECHA Y HORA DE LA ÚLTIMA TRANSACCIÓN
campo de control 20250814081457.0
008 - DATOS DE LONGITUD FIJA--INFORMACIÓN GENERAL
campo de control de longitud fija 121025s1911 sp |||| | spa d
080 ## - NÚMERO DE LA CLASIFICACIÓN DECIMAL UNIVERSAL
Número de la Clasificación Decimal Universal 58(063)
100 1# - ENTRADA PRINCIPAL--NOMBRE DE PERSONA
Nombre de persona Lázaro e Ibiza, Blas,
Fechas asociadas al nombre 1858-1921
9 (RLIN) 70800
245 10 - MENCIÓN DEL TÍTULO
Título Memoria sobre el Tercer Congreso Interancional de Botánica /
Mención de responsabilidad, etc. por Blas Lázaro e Ibiza y José Madrid y Moreno.
260 ## - PUBLICACIÓN, DISTRIBUCIÓN, ETC.
Lugar de publicación, distribución, etc. Madrid :
Nombre del editor, distribuidor, etc. Junta para Ampliación de Estudios e Investigaciones Científicas,
Fecha de publicación, distribución, etc. 1911.
300 ## - DESCRIPCIÓN FÍSICA
Extensión P. 183-211 ;
Dimensiones 24 cm.
490 1# - MENCIÓN DE SERIE
Mención de serie Anales de la Junta para Ampliación de Estudios e Investigaciones Científicas ;
Designación de volumen o secuencia 5, memoria 4
611 27 - PUNTO DE ACCESO ADICIONAL DE MATERIA--NOMBRE DE REUNIÓN/CONGRESO
Nombre de congreso/reunión o jurisdicción como elemento de entrada Congreso Internacional de Botánica
Número del congreso/reunión o número de parte o sección (3º.
Fecha del congreso o de la firma del tratado 1910.
Sede del congreso/Lugar de la reunión Bruselas)
Fuente del encabezamiento o término
9 (RLIN) 151724
650 #4 - PUNTO DE ACCESO ADICIONAL DE MATERIA--TÉRMINO DE MATERIA
Término de materia o nombre geográfico como elemento de entrada Botánica-
Subdivisión de forma Congresos y asambleas.
9 (RLIN) 161793
700 1# - ENTRADA AGREGADA--NOMBRE PERSONAL
Nombre de persona Madrid Moreno, José.
9 (RLIN) 75358
710 2# - ENTRADA AGREGADA--NOMBRE DE ENTIDAD CORPORATIVA
Nombre de entidad corporativa o nombre de jurisdicción como elemento de entrada Junta para la Ampliación de Estudios e Investigaciones Científicas.
9 (RLIN) 5413
830 1# - PUNTO DE ACCESO ADICIONAL DE SERIE-TÍTULO UNIFORME
Título uniforme Anales de la Junta para Ampliación de Estudios e Investigaciones Científicas ;
Designación de volumen o secuencia 5, memoria 4
9 (RLIN) 186710
852 4# - LOCALIZACIÓN
Ubicación ES-MaACL
Número de control de estantería B-13161(4)
Holdings
Estatus retirado Estado de pérdida Estado de daño No para préstamo Biblioteca de origen Biblioteca actual Ubicación en estantería Fecha de adquisición Fuente de adquisición Total de préstamos Signatura topográfica completa Código de barras Visto por última vez Precio de reemplazo Tipo de ítem Koha
        Biblioteca del Ateneo de Madrid Biblioteca del Ateneo de Madrid Sala Pardo Bazán 25/10/2012     B-13161(4) 1190372 23/02/2023 23/02/2023 Libro impreso